000 00609nam a22001817a 4500
005 20250225160004.0
010 _aENG-143825
020 _c810.00
_a9789361598616
035 _aEN-127357
037 _bDBAD
082 _a500
100 _aWalpole Ronalad E.
_978731
245 _aIIT Foundation Mathematics/
_bBy Ronald E. Walpole
260 _aUttar Pradesh
_b1st Floor,Beger Tower , plot No. C-001A/2, Sector 16B, Noida
_c2025
270 _a1st Floor, Beger Tower , plot No. C-001A/2, Sector 16B, Noida
_b Noida
_e201301
300 _a20.24pg.
_c28cm(bk)
942 _2ddc
_cEN
_h500
_mWAL
999 _c209108
_d209108